000 00842nam a2200289Ia 4500
001 E2058
003 IT-RoPAU
008 130308s9999 xx 000 0 und d
040 _aIT-RoPAU
040 _cIT-RoPAU
041 _aFRANCESE
100 _aMeyer-Plantureux Chantal
100 _gCodice Aut. SPICS: 47521
245 _aObjets de Kantor (Les)
245 _bVoies de la Creation Theatrale (Les)-18-T. Kantor
250 _a1a ed.
260 _aPARIS
260 _bCNRS
260 _c1993 [1° Ed.:1993 - Ed.Ling.Originale:1993]
300 _a"13 p. (prefazione: no ; testo: 13 [pagine: 239-251])"
500 _aOggetti di Kantor. Proliferazione degli Oggetti nelle ultime tre Opere di Tadeusz Kantor.
650 _aREGIA TEATRALE
650 _eCodice materia Spics: 8403
942 _cBK
957 _71
999 _c98022
_d98022
999 _g1